000 00516cam a2200181 a 4500
001 14025983
005 20240227012902.0
008 050706s2005 ce b 000 0 eng
020 _a9559102796
040 _aDLC
_cDLC
_dDLC
082 _222
_a323.3.
_bPOL.
100 1 _aFernando, Laksiri.
245 1 0 _aPolice-civil relations for good governance /
_cLaksiri Fernando.
260 _aColombo :
_bSocial Scientists' Association,
_c2005.
300 _aiii, 166 p. ;
650 0 _aPolice-community relations
942 _cL
999 _c493
_d493